[Event "4th Chessfestival Gredine 2018"]
[Site "Ortisei"]
[Date "2018.06.17"]
[Round "2.10"]
[White "Podetti, Davide"]
[Black "Tan, Justin"]
[Result "0-1"]
[WhiteElo "2186"]
[BlackElo "2484"]
[Annotator "TA"]
[PlyCount "106"]
[EventDate "2018.06.16"]
[EventType "swiss"]
[EventCountry "ITA"]
[SourceTitle "playchess.com"]
[Source "ChessBase"]
[SourceQuality "1"]

{[%evp 17,106,0,0,-18,-18,-16,-12,-26,-18,-44,-27,-28,-28,-33,-28,-32,-26,-35,-25,-33,-10,-31,-36,-46,-31,-47,-45,-51,0,-51,-40,-63,-58,-71,-58,-83,-42,-82,-9,-60,0,-82,-41,-58,-26,-53,-41,-26,0,0,0,0,27,0,5,5,14,-78,-71,-87,-79,-93,-93,-121,-51,-66,0,-137,-125,-119,-117,-320,-235,-235,-220,-208,-200,-260,-241,-250,-262,-569,-569,-569,-490,-719,-314,-1172,-585,-1249,-570]} 1. d4 d5 2. Bf4 Nf6 3. e3 e6 4. Nd2 c5 5. c3 Nc6 {[%cal Bb8c6,Bc6e7,Be7f5][%mdl 32]} 6. Ngf3 Bd6 7. Bg3 O-O 8. Bd3 b6 9. Ne5 Bb7 10. f4 {D02: 1 d4 d5 2 Nf3 sidelines, including 2...Nf6 3 g3 and 2...Nf6 3 Bf4} (10. O-O Qc7 11. f4 Ne7 12. Qb1 Qc8 13. Bh4 Nf5 14. Bxf5 exf5 15. Bxf6 gxf6 16. Nef3 Qe6 17. Re1 Ba6 18. Nh4 cxd4 19. exd4 {1-0 (28) Korobov,A (2692)-Dominguez Perez,L (2739) Doha 2016}) 10... Ne7 11. Qf3 Nf5 12. Bf2 {The position is equal.} Be7 13. Ng4 {[#]} Nd6 $146 ({Predecessor:} 13... Nxg4 14. Qxg4 Nd6 15. Nf3 a5 16. Qh3 Ne4 17. Bh4 Bxh4+ 18. Qxh4 Qxh4+ 19. Nxh4 {½-½ (30) Pakleza,Z (2486)-Jaracz,P (2548) Chorzow 2013}) 14. Nxf6+ Bxf6 15. O-O a5 16. Qe2 c4 17. Bc2 b5 {[%cal Bb6b5,Bb5b4,Bb4b3][%mdl 32]} 18. g4 Be7 19. g5 b4 20. Be1 Nf5 $36 {[%mdl 2048] Black is more active.} 21. Rf3 Qb6 22. Rb1 a4 (22... f6 $15) 23. Rh3 (23. cxb4 $11 a3 24. Nf1) 23... b3 $1 $15 {[%cal Rb3c2]} 24. Bxf5 exf5 25. a3 Rfe8 26. Bf2 Qe6 27. Re1 Bd6 (27... g6 $17) 28. Qf3 (28. Qh5 $11 Qg6 29. Nf3) 28... Bc6 {[#]} (28... g6 $15) 29. Re2 (29. Nxc4 $1 $11 {[%mdl 512]} Rac8 (29... dxc4 30. Qxc6) 30. Ne5 (30. Nxd6 Qxd6 31. Rd1 Bb5 $11)) 29... Rab8 30. Re1 Re7 31. Rb1 Rbe8 32. Re1 $1 Qg6 33. Kh1 $1 Rc7 34. Rg1 Rcc8 35. Qd1 Kf8 36. Nf3 Ke7 37. Kg2 (37. Rh4 $11) 37... Rh8 $1 $17 38. Kf1 Qe6 39. Qb1 Qe4 40. Qxe4+ fxe4 ({Black should play} 40... dxe4 $17 41. Nd2 Bd5) 41. Ne5 $15 Be8 (41... Bd7 $15 42. Nxd7 Kxd7) 42. Rhg3 (42. f5 $11 {keeps the balance.}) 42... f6 $17 43. gxf6+ gxf6 44. Ke1 $2 (44. Rg7+ $17 Ke6 45. Nd7) 44... fxe5 45. fxe5 {Threatening Rg7+.} Bb8 $1 46. Rg7+ Ke6 47. Bh4 {Re7+ would kill now.} Rc7 48. Bf6 {[#] aiming for Rxc7.} Rf8 $1 49. Rxc7 $2 (49. Rg8 Rcf7 50. Rxf8 Rxf8 51. Rg7) 49... Bxc7 $19 50. Rg7 Bf7 51. Rxh7 (51. Bh4 $142 Rh8 52. h3) 51... Rg8 (51... Ba5 $142 {Threatens to win with ...Bxc3+!} 52. Kd1 Rg8) 52. Kf2 $2 (52. Rg7) 52... Bd6 (52... Ba5 $142 53. Bg7 Bg6) 53. Rh6 {[#]} Bg6 {Precision: White = 25%, Black = 45%.} (53... Bxa3 $142 $1 {[%mdl 512]} 54. Bg7+ (54. bxa3 Bg6) 54... Kd7 55. bxa3 Kc7) 0-1

[Event "4th Chessfestival Gredine 2018"]
[Site "Ortisei"]
[Date "2018.06.17"]
[Round "2.11"]
[White "Jaracz, Pawel"]
[Black "Lorscheid, Gerhard"]
[Result "1-0"]
[WhiteElo "2467"]
[BlackElo "2200"]
[Annotator "TA"]
[PlyCount "75"]
[EventDate "2018.06.16"]
[EventType "swiss"]
[EventCountry "ITA"]
[SourceTitle "playchess.com"]
[Source "ChessBase"]
[SourceQuality "1"]

{[%evp 12,75,36,26,48,0,0,-8,58,34,54,50,89,86,77,21,24,0,0,0,25,-21,-4,-54,0,0,0,0,0,0,14,11,17,18,27,18,27,25,25,25,25,25,22,30,25,29,85,45,104,100,135,136,127,54,65,59,68,61,192,192,214,262,226,206,528,522]} 1. d4 d6 2. Nf3 Nf6 3. c4 Nbd7 4. Nc3 e5 5. Bg5 Be7 6. e3 c6 7. Be2 {LiveBook: 46 Games} Qa5 {A54: Old Indian Defence with Nf3, but without e4} (7... O-O 8. O-O a6 9. Rc1 Re8 10. c5 d5 11. Nxe5 Nxe5 12. dxe5 Nd7 13. Bxe7 Qxe7 14. e4 dxe4 15. Nxe4 Qxe5 16. Bf3 Qxb2 {1-0 (59) Dimitrov,R (2450)-Nikolov,M (2518) Varna 2014}) 8. Bh4 (8. Qd2 $14) 8... Ne4 $11 9. Bxe7 {Threatens to win with Bh4.} Kxe7 (9... Nxc3 $11 10. Qd2 Kxe7 11. Qxc3 Qxc3+ 12. bxc3 e4) 10. O-O $14 Nxc3 11. bxc3 e4 $146 ({Predecessor:} 11... Qxc3 12. Rc1 Qa5 13. c5 Qc7 14. dxe5 dxe5 15. Ng5 {½-½ (57) Kosa,J (2097)-Pantic,I (2269) Senta 2010}) 12. Nd2 {[%cal Bf3d2,Bd2b3,Bb3c5][%mdl 32]} Nf6 13. c5 (13. Qc2 $16) 13... dxc5 $11 14. Nb3 Qxc3 15. Rc1 Qb4 16. Nxc5 b6 $1 {[%cal Rb6c5]} 17. Nb3 (17. Rc4 $5 {[%cal Rc4b4]} Qb2 18. Rc2 $11) 17... Qd6 ({Black should try} 17... Be6 $1 $15) 18. Nd2 Be6 19. Nc4 Bxc4 $1 20. Rxc4 Rhd8 21. Qc2 Rac8 22. Rc1 g6 23. Rxc6 Rxc6 24. Qxc6 Qxc6 25. Rxc6 {[%mdl 4096] Endgame KRB-KRN} Rd6 26. Rc8 Rd8 27. Rc2 Ne8 28. Bb5 a5 (28... f5 $11 {keeps the balance.}) 29. a4 Rb8 (29... f5 $14) 30. g4 $16 Nd6 31. Rc7+ Kf6 {[#]} 32. Ba6 (32. Bc6 $1 $16) 32... h6 33. h4 {[%cal Bh2h4,Bh4h5][%mdl 32]} Ke6 34. Kg2 g5 {[#]} (34... b5 $14) 35. h5 $1 $18 Ra8 36. Bb7 Rb8 37. Bc6 f5 $2 (37... Rd8 {is tougher.} 38. Kg3 Rf8) 38. Rh7 {Precision: White = 65%, Black = 34%.} 1-0

[Event "4th Chessfestival Gredine 2018"]
[Site "Ortisei"]
[Date "2018.06.17"]
[Round "2.12"]
[White "Schnelzer, Reinhold"]
[Black "Sonis, Francesco"]
[Result "1/2-1/2"]
[WhiteElo "2182"]
[BlackElo "2448"]
[Annotator "TA"]
[PlyCount "100"]
[EventDate "2018.06.16"]
[EventType "swiss"]
[EventCountry "ITA"]
[SourceTitle "playchess.com"]
[Source "ChessBase"]
[SourceQuality "1"]

{[%evp 29,100,33,29,21,47,40,29,34,39,0,47,37,27,24,39,14,10,7,18,0,0,0,0,0,-16,-37,-40,-42,-40,-41,-40,-43,-40,-51,-58,-72,-64,-64,0,0,0,0,0,-279,0,0,0,0,0,0,0,0,0,0,0,0,0,0,0,0,0,0,0,0,0,0,0,0,0,0,0,0,0]} 1. d4 d5 2. c4 c6 3. cxd5 cxd5 4. Nc3 Nf6 5. Bf4 Nc6 {[%cal Bb8c6,Bc6a5,Ba5c4][%mdl 32]} 6. e3 Bf5 7. Qb3 Na5 8. Qa4+ Bd7 9. Qc2 Rc8 10. Bd3 b5 11. a3 e6 12. Nf3 Nc4 {D14: Slav Defence: Exchange variation with ...Bf5} (12... Be7 13. Qe2 a6 14. Ne5 O-O 15. O-O Qb6 16. a4 b4 17. Nb1 Ra8 18. Bg5 Be8 19. Nd2 h6 20. Bh4 {1-0 (57) Howell,D (2684)-Melkumyan,H (2613) Minsk 2017}) 13. O-O Be7 14. h3 O-O 15. Ne5 Be8 {LiveBook: 7 Games} 16. Qe2 Qb6 {[#]} 17. Rfc1 $146 ({Predecessor:} 17. a4 b4 18. Nb1 Nxe5 19. Bxe5 Nd7 20. Bg3 {1-0 (46) Stern,R (2538)-Sumets,A (2583) Berlin 2015}) 17... Nd7 18. Nf3 Nf6 19. Ne5 Nd6 20. Na2 Rxc1+ 21. Rxc1 a5 22. Qc2 Nc4 $1 23. a4 bxa4 24. Nxc4 dxc4 25. Bxc4 Bc6 26. Nc3 Rc8 {Threatening ...Bxg2!} 27. Nxa4 Bxa4 28. Qxa4 Qxb2 29. Rc2 Qb1+ 30. Kh2 Qb4 31. Qa2 a4 $1 32. Be5 Nd7 33. Bd3 Rc3 (33... Rxc2 $1 $15 34. Qxc2 Nxe5 35. Bxh7+ Kh8 36. dxe5 Qa5) 34. Rxc3 $1 $11 Qxc3 35. Qxa4 Nxe5 36. Qe8+ Bf8 {[#]} 37. Bxh7+ $1 {[%mdl 512] The position is equal.} Kxh7 38. Qxf8 Ng6 39. Qxf7 Qc6 40. g4 Qd5 41. Kg3 Qd6+ 42. f4 Nf8 43. h4 Qa3 44. Kf3 Qa8+ 45. Kg3 Qa3 46. Kf3 Qd6 47. h5 {[#] And now h6! would win.} Qd5+ 48. Kf2 Qa2+ $1 49. Kf3 {Hoping for h6.} Qd5+ 50. Kf2 {h6 is the strong threat.} Qa2+ $1 {Precision: White = 69%, Black = 88%.} 1/2-1/2

[Event "4th Chessfestival Gredine 2018"]
[Site "Ortisei"]
[Date "2018.06.17"]
[Round "2.13"]
[White "Solomon, Kenny"]
[Black "Arne, Mike"]
[Result "1-0"]
[WhiteElo "2419"]
[BlackElo "2181"]
[Annotator "TA"]
[PlyCount "79"]
[EventDate "2018.06.16"]
[EventType "swiss"]
[EventCountry "ITA"]
[SourceTitle "playchess.com"]
[Source "ChessBase"]
[SourceQuality "1"]

{[%evp 10,79,35,27,40,36,40,20,22,14,40,40,60,45,28,20,63,60,81,43,60,58,79,49,41,0,9,13,43,35,62,50,70,59,105,111,102,97,128,122,108,77,122,97,97,98,139,136,137,136,142,132,142,116,112,102,100,100,131,118,181,181,199,192,183,168,222,228,237,178,489,491]} 1. d4 d5 2. Nf3 c5 3. c4 cxd4 4. cxd5 Qa5+ 5. Qd2 Qxd5 {[#]} 6. Nc3 $1 {[%mdl 512] LiveBook: 4 Games. D06: Queen's Gambit: Symmetrical and Baltic Defences} Qa5 (6... dxc3 7. Qxd5) 7. Nxd4 Nf6 8. g3 {White is slightly better.} e5 9. Nb3 $146 ({Predecessor:} 9. Ndb5 Bb4 10. a3 O-O 11. Bg2 Nc6 12. O-O a6 13. axb4 Qxa1 {1-0 (29) Galkin,A (2597)-Shukh,N (2459) Irkutsk 2010}) 9... Qc7 10. Bg2 Nc6 11. Nb5 Qb8 12. O-O a6 13. Nc3 Be6 14. Qd1 Qc7 15. Bg5 Rd8 16. Qb1 (16. Qc1 {feels hotter.} Be7 17. Bxf6 Bxf6 18. Nc5 Nd4 19. Nxe6 fxe6 20. Qb1) 16... Be7 17. Rd1 (17. Bxf6 $5 gxf6 18. Rd1 $14) 17... O-O 18. Bxf6 Bxf6 19. Nc5 Rxd1+ 20. Qxd1 Rd8 21. Qa4 Rd4 22. Nxe6 fxe6 23. Qb3 Qd7 24. Ne4 Be7 25. Bh3 Rd5 26. Nc3 Rd6 27. e3 Kf7 28. Qc2 g6 29. Ne4 $36 {[%mdl 2048] White has strong initiative.} Rd5 30. a3 Nd8 31. Bf1 Qc6 32. Qe2 Kg7 33. Bg2 {Threatens to win with Nc3.} Qb5 34. Qc2 Qd3 (34... Rd7 $16 35. Bh3 Qd3) 35. Qc7 $18 Rd7 36. Qxe5+ Kg8 37. h4 Rd5 (37... Bd6 {was worth a try.} 38. Qa5 Be7) 38. Qc7 Kf8 39. Ng5 Rf5 $2 {[#]} (39... Rd7 40. Qe5 Bxg5) 40. Be4 {Precision: White = 68%, Black = 41%.} 1-0

[Event "4th Chessfestival Gredine 2018"]
[Site "Ortisei"]
[Date "2018.06.17"]
[Round "2.14"]
[White "Borgo, Giulio"]
[Black "Seyb, Dieter"]
[Result "1-0"]
[WhiteElo "2397"]
[BlackElo "2179"]
[Annotator "NA"]
[PlyCount "109"]
[EventDate "2018.06.16"]
[EventType "swiss"]
[EventCountry "ITA"]
[SourceTitle "playchess.com"]
[Source "ChessBase"]
[SourceQuality "1"]
[TimeControl "40/5400+30:1800+30"]

1. Nf3 {[%emt 0:00:30]} b6 {[%emt 0:01:00]} 2. g3 {[%emt 0:01:30]} Bb7 {[%emt 0:00:00]} 3. Bg2 {[%emt 0:00:30]} e5 {[%emt 0:02:00]} 4. d3 {[%emt 0:11:30]} g6 {[%emt 0:03:30]} 5. c4 {[%emt 0:06:30]} Bg7 {[%emt 0:00:30]} 6. Nc3 {[%emt 0:05:30]} Ne7 {[%emt 0:02:30]} 7. e4 {[%emt 0:03:30]} Nbc6 {[%emt 0:04:30]} 8. Nd5 {[%emt 0:03:30]} Nxd5 {[%emt 0:18:30]} 9. cxd5 {[%emt 0:07:30]} Nd4 {[%emt 0:01:30]} 10. Nxd4 {[%emt 0:02:30]} exd4 {[%emt 0:00:30]} 11. h4 {[%emt 0:15:30]} O-O {[%emt 0:12:30]} 12. h5 {[%emt 0:02:30]} Qe7 $14 {[%emt 0:04:30]} 13. O-O {[%emt 0:10:30]} c6 {[%emt 0:04:30]} 14. Bd2 {[%emt 0:02:30]} Rfe8 {[%emt 0:11:30]} 15. hxg6 {[%emt 0:00:30]} hxg6 {[%emt 0:00:30]} 16. Re1 {[%emt 0:03:30]} a5 {[%emt 0:16:01]} 17. a4 {[%emt 0:03:01]} Qd6 {[%emt 0:02:53]} 18. Qb3 {[%emt 0:00:50]} cxd5 {[%emt 0:00:20]} 19. exd5 {[%emt 0:00:17]} Rxe1+ {[%emt 0:01:32]} 20. Rxe1 {[%emt 0:00:12]} Bf8 {[%emt 0:02:35]} 21. Rc1 {[%emt 0:11:30]} Rc8 {[%emt 0:01:32]} 22. Rxc8 {[%emt 0:02:19]} Bxc8 {[%emt 0:00:30]} 23. Qc4 {[%emt 0:00:30]} Qc5 {[%emt 0:00:00]} 24. Bg5 {[%emt 0:00:00]} Kg7 {[%emt 0:00:00]} 25. Bd8 {[%emt 0:00:00]} Bb7 {[%emt 0:00:00]} 26. g4 {[%emt 0:00:00]} f6 {[%emt 0:00:00]} 27. g5 {[%emt 0:00:00]} fxg5 {[%emt 0:00:00]} 28. Bxg5 {[%emt 0:00:00]} Qxc4 {[%emt 0:00:00]} 29. dxc4 {[%emt 0:00:00]} Kf7 {[%emt 0:00:00]} 30. Bd8 {[%emt 0:00:00]} Bc5 {[%emt 0:00:00]} 31. Bh3 {[%emt 0:00:00]} Ke8 {[%emt 0:00:00]} 32. Bg5 {[%emt 0:00:00]} Be7 {[%emt 0:00:00]} 33. Bf4 {[%emt 0:00:00]} Bc5 {[%emt 0:00:00]} 34. b3 {[%emt 0:00:00]} Ke7 {[%emt 0:00:00]} 35. Bg2 {[%emt 0:00:00]} Bc8 {[%emt 0:00:00]} 36. Bh3 {[%emt 0:00:00]} Kd8 {[%emt 0:00:00]} 37. Kf1 {[%emt 0:00:00]} d6 {[%emt 0:00:00]} 38. Bg5+ {[%emt 0:00:00]} Kc7 {[%emt 0:00:00]} 39. Be6 {[%emt 0:00:00]} Bxe6 {[%emt 0:00:00]} 40. dxe6 {[%emt 0:00:00]} d3 {[%emt 0:25:07]} 41. f3 {[%emt 0:28:40]} Kc8 {[%emt 0:00:30]} 42. Ke1 {[%emt 0:00:30]} Bb4+ {[%emt 0:01:30]} 43. Kd1 {[%emt 0:00:30]} Kc7 {[%emt 0:00:30]} 44. Bf6 {[%emt 0:00:37]} Kc8 {[%emt 0:00:30]} 45. Bd4 {[%emt 0:00:35]} Kd8 {[%emt 0:00:30]} 46. Bxb6+ {[%emt 0:00:33]} Ke7 {[%emt 0:00:30]} 47. Be3 {[%emt 0:00:37]} Kxe6 {[%emt 0:00:30]} 48. Bd2 {[%emt 0:00:51]} Bc5 {[%emt 0:00:30]} 49. Bxa5 {[%emt 0:00:33]} Ke5 {[%emt 0:00:30]} 50. Bc7 {[%emt 0:10:31]} Kd4 {[%emt 0:08:49]} 51. a5 {[%emt 0:00:06]} d5 {[%emt 0:00:04]} 52. cxd5 {[%emt 0:01:55]} Kxd5 {[%emt 0:00:06]} 53. Kd2 {[%emt 0:00:11]} Kc6 {[%emt 0:00:37]} 54. Be5 {[%emt 0:01:40]} Kd5 {[%emt 0:00:40]} 55. Bc3 {[%emt 0:00:18]} 1-0

[Event "4th Chessfestival Gredine 2018"]
[Site "Ortisei"]
[Date "2018.06.17"]
[Round "2.15"]
[White "Hoffmann, Sebastian"]
[Black "Herzog, Adolf"]
[Result "1/2-1/2"]
[WhiteElo "2105"]
[BlackElo "2344"]
[Annotator "NA"]
[PlyCount "70"]
[EventDate "2018.06.16"]
[EventType "swiss"]
[EventCountry "ITA"]
[SourceTitle "playchess.com"]
[Source "ChessBase"]
[SourceQuality "1"]
[TimeControl "40/5400+30:1800+30"]

1. e4 {[%emt 0:00:30]} e6 {[%emt 0:01:00]} 2. Qe2 {[%emt 0:00:00]} Nf6 {[%emt 0:00:30]} 3. g3 {[%emt 0:00:00] C00: French: Unusual White 2nd moves} (3. e5 Nd5 4. d4 c5 5. Nf3 Nc6 6. dxc5 Bxc5 7. g3 O-O 8. Bg2 f6 9. c4 Nb6 10. O-O fxe5 11. Nxe5 {0-1 (47) Matinian,N (2490)-Volkov,S (2618) Khanty-Mansiysk 2016}) 3... d5 {[%emt 0:06:30]} 4. d3 {[%emt 0:00:30]} Nc6 {[%emt 0:04:30]} 5. Bg2 {[%emt 0:00:30]} dxe4 {[%emt 0:04:30]} 6. dxe4 {[%emt 0:00:30]} e5 {[%emt 0:03:30]} 7. Nf3 {[%emt 0:01:30]} Bg4 {[%emt 0:02:30]} 8. c3 {[%emt 0:01:30]} Bd6 $146 {[%emt 0:01:30]} ({Predecessor:} 8... Bc5 9. b4 Bb6 10. a4 a5 {1-0 (29) Fingerov,D (2374)-Domakov,N Odessa 2003}) 9. O-O {[%emt 0:00:30]} Qd7 {[%emt 0:02:30]} 10. Rd1 {[%emt 0:00:30]} O-O {[%emt 0:01:30]} 11. Na3 {[%emt 0:00:30]} Rad8 {[%emt 0:02:30]} 12. Nc4 {[%emt 0:01:30]} Qe6 {[%emt 0:02:30]} 13. Nxd6 {[%emt 0:08:30]} Rxd6 {[%emt 0:00:30]} 14. Rxd6 {[%emt 0:00:30]} Qxd6 {[%emt 0:02:30]} 15. h3 {[%emt 0:00:30]} Bc8 {[%emt 0:00:00]} 16. Bg5 {[%emt 0:02:30]} Rd8 {[%emt 0:02:00]} 17. Bxf6 {[%emt 0:03:30]} Qxf6 {[%emt 0:01:30]} 18. Rd1 {[%emt 0:00:30]} Rd6 {[%emt 0:03:30]} 19. Rxd6 {[%emt 0:01:30]} Qxd6 {[%emt 0:00:30]} 20. Qd2 {[%emt 0:00:30]} Kf8 {[%emt 0:03:30]} 21. Qxd6+ {[%emt 0:03:30]} cxd6 {[%emt 0:00:30]} 22. Kf1 {[%emt 0:02:30]} Be6 {[%emt 0:01:30]} 23. b3 {[%emt 0:01:30]} Ke7 {[%emt 0:01:30]} 24. Ke2 {[%emt 0:04:30]} f6 {[%emt 0:04:30]} 25. Ke3 {[%emt 0:02:30]} Nb8 {[%emt 0:09:30]} 26. Ne1 {[%emt 0:02:30]} Nd7 {[%emt 0:00:30]} 27. Nd3 {[%emt 0:00:30]} a5 {[%emt 0:03:30]} 28. Nb2 {[%emt 0:05:30]} Nc5 {[%emt 0:02:30]} 29. b4 $11 {[%emt 0:04:30]} Na6 {[%emt 0:04:30]} 30. a3 {[%emt 0:01:30]} Nc7 {[%emt 0:00:30]} 31. Bf1 {[%emt 0:03:30]} d5 {[%emt 0:02:30]} 32. exd5 {[%emt 0:00:30]} Nxd5+ {[%emt 0:00:00]} 33. Kd3 {[%emt 0:01:30]} axb4 {[%emt 0:01:00]} 34. cxb4 {[%emt 0:03:30]} Bf5+ {[%emt 0:04:30]} 35. Kc4 {[%emt 0:00:30]} Kd6 {[%emt 0:01:30]} 1/2-1/2

[Event "4th Chessfestival Gredine 2018"]
[Site "Ortisei"]
[Date "2018.06.17"]
[Round "2.16"]
[White "Cappelletto, Joshuaede"]
[Black "Hecht, Hans-Joachim"]
[Result "0-1"]
[WhiteElo "2000"]
[BlackElo "2327"]
[Annotator "NA"]
[PlyCount "44"]
[EventDate "2018.06.16"]
[EventType "swiss"]
[EventCountry "ITA"]
[SourceTitle "playchess.com"]
[Source "ChessBase"]
[SourceQuality "1"]
[TimeControl "40/5400+30:1800+30"]

1. e4 {[%emt 0:00:30]} d6 {[%emt 0:01:00]} 2. Nc3 {[%emt 0:03:30]} g6 {[%emt 0:00:00]} 3. d4 {[%emt 0:01:30]} Bg7 {[%emt 0:00:00]} 4. h4 {[%emt 0:02:30]} Nf6 {[%emt 0:00:30]} 5. Be2 {[%emt 0:00:30]} Nc6 {[%emt 0:06:30]} 6. h5 {[%emt 0:05:30]} gxh5 {[%emt 0:09:30]} 7. f3 {[%emt 0:02:30] B07: Pirc-Ufimzew-Verteidigung} (7. f4 e5 8. dxe5 dxe5 9. Qxd8+ Kxd8 10. Nf3 Bg4 11. fxe5 Nd7 12. Nd5 Ndxe5 13. Bf4 Bxf3 14. gxf3 Nd4 {1-0 (47) Jobava,B (2687)-Arutinian,D (2548) Tbilisi 2009}) 7... e5 {[%emt 0:03:30]} 8. d5 {[%emt 0:01:30]} Ne7 {[%emt 0:01:30]} 9. Bg5 $146 {[%emt 0:04:30]} ({Vorgänger:} 9. Be3 Ng6 10. g3 a6 11. Qd2 Qe7 12. O-O-O Bd7 13. Bd3 b5 14. a3 c5 {1-0 (67) Baljon,C-Meulders,R Groningen 1971}) 9... Ng6 {[%emt 0:05:30]} 10. Rxh5 {[%emt 0:06:30]} (10. Bb5+ $14 Ke7 11. a4) 10... h6 {[%emt 0:03:30]} 11. Bb5+ {[%emt 0:01:30]} Kf8 {[%emt 0:00:30]} 12. Bh4 {[%emt 0:03:30]} Nxh4 {[%emt 0:06:30]} 13. Rxh4 {[%emt 0:00:00]} Nxd5 {[%emt 0:00:30]} 14. Nxd5 {[%emt 0:03:00]} (14. Rh2 $142 Nxc3 15. bxc3) 14... Qxh4+ {[%emt 0:00:00]} 15. g3 $2 {[%emt 0:00:30]} (15. Kf1 Qd8 16. Bc4) 15... Qxg3+ {[%emt 0:10:00]} 16. Ke2 {[%emt 0:00:30]} Qg2+ {[%emt 0:00:30]} 17. Ke3 {[%emt 0:01:30]} Qg5+ {[%emt 0:00:30]} 18. Kf2 {[%emt 0:00:30]} Qd8 {[%emt 0:05:30]} 19. Ne3 {[%emt 0:01:30]} c6 {[%emt 0:01:30]} 20. Bc4 {[%emt 0:00:00]} h5 {[%emt 0:00:30]} 21. Ne2 {[%emt 0:00:00]} Bh6 {[%emt 0:01:30]} 22. Qh1 $19 {[%emt 0:01:30]} Qb6 {[%emt 0:00:30]} 0-1

[Event "4th Chessfestival Gredine 2018"]
[Site "Ortisei"]
[Date "2018.06.17"]
[Round "2.17"]
[White "Pruijssers, Roeland"]
[Black "Zucchelli, Massimo"]
[Result "1-0"]
[WhiteElo "2514"]
[BlackElo "2089"]
[Annotator "TA"]
[PlyCount "97"]
[EventDate "2018.06.16"]
[EventType "swiss"]
[EventCountry "ITA"]
[SourceTitle "playchess.com"]
[Source "ChessBase"]
[SourceQuality "1"]

{[%evp 18,97,0,0,19,-20,-14,-19,0,0,0,0,0,0,0,-19,43,-22,-24,-40,-33,-70,-23,-23,0,-3,-11,0,18,7,3,0,0,0,0,0,14,12,24,19,22,20,52,57,36,22,29,0,0,0,0,-117,25,0,0,-79,-87,-138,-126,-131,168,-27,4,0,0,0,0,0,0,0,0,0,15,0,0,0,124,89,1363,237,1325,1341]} 1. e4 e6 2. d3 c5 3. g3 Nc6 4. Bg2 g6 5. Ne2 Bg7 6. Nbc3 Nge7 7. Bg5 d6 {B24: Closed Sicilian: 3 g3 sidelines} 8. Qd2 h6 9. Be3 Nd4 10. O-O {LiveBook: 27 Games} Qa5 11. Qc1 $146 ({Predecessor:} 11. Nc1 Nec6 12. f4 Bd7 13. Nb3 Qb4 14. Qf2 O-O 15. Nd1 Qa4 16. Nc3 Qb4 17. Nd1 Qb6 {½-½ (41) Wittmann,W (2390)-Zagrebelny,S (2515) Velden 1994}) 11... Bd7 12. a3 Bc6 13. Rb1 Qc7 14. b4 b6 15. Qd2 Qd7 16. f4 O-O (16... h5 $11) 17. g4 (17. f5 $14 exf5 18. Bxh6) 17... f5 $11 18. gxf5 exf5 19. Ng3 d5 20. bxc5 bxc5 21. e5 {Bxd4 is the strong threat.} Ne6 $1 {[#] And now ...d4 would win.} 22. d4 c4 23. Rb4 a5 24. Rb2 Rfb8 25. Rfb1 Rxb2 26. Rxb2 Bf8 27. Bf3 Kh7 28. Qg2 Rd8 29. Nge2 Ng8 30. Rb6 Nc7 31. a4 {next Bf2 is good for White.} Ne7 32. Nb5 Bxb5 33. axb5 Nxb5 34. Bf2 (34. h4 $11) 34... Qe8 (34... a4 $17 35. Qf1 a3) 35. Bh4 {Threatens to win with Bxe7.} Rb8 36. Ra6 (36. Rxb8 $11 Qxb8 37. Bxd5) 36... Nc7 $17 37. Rxa5 (37. Ra7 $142 Rb1+ 38. Kf2) 37... Rb1+ 38. Kf2 {Black must now prevent Bxe7.} Qc6 $2 {[%mdl 8192]} (38... Nc6 $17 {keeps the pressure on.} 39. Rxd5 Nxd5 40. Bxd5 Be7 41. Bxe7 Nxe7) 39. Ra2 $2 ({White has to play} 39. Bxe7 $1 $18 Bxe7 40. Bxd5) 39... Qb7 (39... c3 $5 {[%cal Rb1b2]}) 40. c3 Qb3 41. Ra7 Qb6 42. Rxc7 Qxc7 43. Bxd5 Nxd5 44. Qxd5 Ba3 45. Bf6 {Hoping for Qa8.} Rb7 46. h4 $40 {[%mdl 128] White attacks.} Bf8 {[#]} (46... h5 $1 $11 {keeps the balance.}) 47. h5 $1 $16 {[%mdl 512]} Rb6 $2 {[%mdl 8192]} (47... gxh5 $16 48. e6 Kg6) 48. hxg6+ $18 Kxg6 49. Bd8 {Precision: White = 47%, Black = 40%.} 1-0